000 00777nam a2200229Ia 4500
003 OSt
005 20220918111958.0
006 a|||||r|||| 00| 0
007 ta
008 220915b |||||||| |||| 00| 0 hin d
024 _a215526
037 _cTextbook
040 _bhin
_aARTS
_cARTS
041 _ahin
082 _aO9, 152J9(=)
100 _aभाटी, देशराज सिंह; वर्मा, रुपलाल
_911577
245 0 _aभारतीय एंव पाश्चात्य काव्य सिद्धांत
246 _aBhāratīya kāvyāanga
260 _c1959
942 _hO9, 152J9(=)
_cTB
_2CC
999 _c117678
_d117678